Sports Quiz

Random Sports or Show Quiz
Score 0/15 Timer 06:00
0 Plays Today
% Correct
Scottie Pippen
98%
Mike Conley Jr.
77.6%
Derek Fisher
71.9%
Joe Johnson
70.6%
Torii Hunter
70%
Darren McFadden
66%
Brooks Robinson
61.4%
Sidney Moncrief
51.8%
% Correct
Priest Holmes
50.8%
Lou Brock
50.2%
Willie Roaf
38.2%
Cortez Kennedy
37.6%
Dizzy Dean
33.7%
Sonny Liston
31.5%
Don Hutson
18.2%
Remove Ads.
Support Sporcle.
Get the best of Sporcle when you Go Orange. This ad-free experience offers more features, more stats, and more fun while also helping to support Sporcle. Thank you for becoming a member.

You're not logged in!

Compare scores with friends on all Sporcle quizzes.
OR
Log In

Show Comments

Extras

Top Quizzes Today


Score Distribution

Your Account Isn't Verified!

In order to create a playlist on Sporcle, you need to verify the email address you used during registration. Go to your Sporcle Settings to finish the process.

Report this User

Report this user for behavior that violates our Community Guidelines.

Details: